00674nam a2200217Ia 4500003000400000005001700004008004100021020001500062040001800077041000800095082002000103100002300123245008100146250001200227260003500239300002400274650005400298650003800352650003400390650003200424OSt20220625091539.0210716s2010 xx 000 0 und d a0387954872 cAIMIT LIBRARY aeng a511.5 21bSTID aStinson,Douglas R. aCombinatorial designs: bConstructions and analysis /cBy Douglas R Stinson. a1st ed. aNew Delhi :bSpringer ,c2010. axvi,300p. ;c22 cm. aIntroduction to balanced incomplete block designs aDifference sets and automorphisms aHandmard matrices and designs aOrthogonal arrays and codes